Scott, Foresman mathematics; Book 8 ( Teacher's edition )
Guardat en:
| Autor principal: | |
|---|---|
| Format: | Llibre |
| Idioma: | Undetermined |
| Publicat: |
Glenview, Illinois
Scott, Foresman
1980
|
| Matèries: | |
| Etiquetes: |
Afegir etiqueta
Sense etiquetes, Sigues el primer a etiquetar aquest registre!
|
| Thư viện lưu trữ: | Trung tâm Học liệu Trường Đại học Cần Thơ |
|---|
| LEADER | 00572nam a2200181Ia 4500 | ||
|---|---|---|---|
| 001 | CTU_42871 | ||
| 008 | 210402s9999 xx 000 0 und d | ||
| 082 | |a 372.7 | ||
| 082 | |b S425 | ||
| 100 | |a L Carey Bolster ... [et al.] | ||
| 245 | 0 | |a Scott, Foresman mathematics; Book 8 ( Teacher's edition ) | |
| 245 | 0 | |c L Carey Bolster ... [et al.] | |
| 260 | |a Glenview, Illinois | ||
| 260 | |b Scott, Foresman | ||
| 260 | |c 1980 | ||
| 650 | |a mathematics - study and teaching ( elementary ) | ||
| 904 | |i Minh, 010815 | ||
| 980 | |a Trung tâm Học liệu Trường Đại học Cần Thơ | ||